Derecho sucesorio actual y adjudicacin̤ de la vivienda familiar

Bibliographic Details
Main Author: Corral Talciani, Hernǹ
Format: eBook
Language:Spanish
Published: Santiago de Chile: Universidad de los Andes (Chile), 2000
Subjects:
Online Access:Acceso restringido

MARC

LEADER 00000nam a22000007a 4500
005 20190416224641.0
007 cr|||| ||||
008 190416s2000 cl |||||s|||| 00||0 spa d
020 |a 956-7160-18-X 
035 |a 21278 
040 |a vLex 
090 |c 8645  |d 8645 
100 1 |a Corral Talciani, Hernǹ 
245 1 0 |a Derecho sucesorio actual y adjudicacin̤ de la vivienda familiar  |h [Recurso electrn̤ico] /  |c Hernǹ Corral Talciani 
256 |a Servicio en ln̕ea 
260 |a Santiago de Chile:  |b Universidad de los Andes (Chile),  |c 2000 
300 |a 1 recurso electrn̤ico 
506 1 |a Disponible solo en los productos indicados  |d vLex Global  |d vLex Global (Academic Edition, excluding Law Schools)  |d vLex Global (U.S. Academic Edition, Law Schools)  |d vLex Global (U.S. Academic Edition, excluding Law Schools)  |d vLex Global (Academic Edition, Law Schools) 
650 0 4 |a Derecho Civil  |z Chile 
650 0 4 |a Familia y Sucesiones  |z Chile 
650 0 4 |a Sucesiones  |z Chile 
740 0 |a vLex Libros (Servicio en ln̕ea) 
856 4 0 |u http://vlex.com/source/derecho-sucesorio-actual-y-adjudicacion-de-la-vivienda-familiar-21278  |z Acceso restringido 
942 |c BOOK 
999 0 |a Civil Law 
999 0 |a Family and Successions 
999 0 |a Succession